000 01889nam a2200313Ia 4500
999 _c54789
_d54789
001 21857
003 GE_BSU
005 20220531133930.0
008 181216s2017||||ge |||||||||||||| ||geo||
020 _a9789941097553
040 _cGE_BSU
041 _ageo
080 _a336.74(075.8) ც-12
100 _aცაავა, გიორგი
_913902
245 _aფული, ფულის მიმოქცევა და კრედიტი :
_b(სასწავლო-პრაქტიკული სახელმძღვანელო) = Money, monetary circulation and credit : (Teaching-practical handbook) = Деньги, денежное обращение и кредит : (Учебно-практическое пособие) /
_cგიორგი ცაავა, რატი ბურდიაშვილი, ვალერი მოსიაშვილი ; რედაქტორი: ლევან ჯანგულაშვილი, ნანა შონია.
264 _aთბილისი :
_bდანი,
_c2017.
300 _a672 გვ. ;
_b20 სმ.
504 _aბიბლიოგრ.: გვ. 663-670.
520 _aთავფურცლის მე-2 გვერდი ინგლ. და რუს.ენაზე
541 _h23 ლ.
653 _aფული და ფულის მიმოქცევა
653 _aკრედიტი
653 _aსახელმძღვანელო
700 _aმოსიაშვილი, ვალერი
_eავტორი
_913903
700 _aბურდიაშვილი, რატი
_eავტორი
_913904
700 _aჯანგულაშვილი, ლევან
_eრედაქტორი
_96699
700 _aშონია, ნანა
_eრედაქტორი
_913905
942 _cBK
_2udc